| 000 | 00725nam a22002297a 4500 | ||
|---|---|---|---|
| 005 | 20170123162307.0 | ||
| 010 | _aA-842720 | ||
| 020 | _c50.00 | ||
| 035 | _aA-842720 | ||
| 037 | _bCen Lib/Ret | ||
| 040 |
_aDPL _bUR |
||
| 082 |
_a954.41 _bا ک ب |
||
| 100 |
_aاقبر رحمانی _9809 |
||
| 245 |
_aتاریخی خاندیش کے بکھرے اوراق / _cاقبر رحمانی |
||
| 246 |
_aTareekhe khandesh ke bikhare auraq / _bby Akbar Rahmani |
||
| 260 |
_aنیی دہلی _bمقتبہ جامہ لمیٹڈ _c1994 |
||
| 270 | _bنیی دہلی | ||
| 300 |
_a132p. _c21cm(Hb) |
||
| 650 |
_aتاریخ _9111108 |
||
| 650 |
_aHistory _9111109 |
||
| 942 |
_2ddc _cUR _h954.41 _mا ک ب |
||
| 999 |
_c106372 _d106372 |
||